Teatro español. (Record no. 178552)
[ view plain ]
| 000 -LEADER | |
|---|---|
| campo de control de longitud fija | 01075nam a2200277 i 4500 |
| 001 - NÚMERO DE CONTROL | |
| campo de control | 178552 |
| 003 - IDENTIFICADOR DE NÚMERO DE CONTROL | |
| campo de control | ES-MaACL |
| 005 - FECHA Y HORA DE LA ÚLTIMA TRANSACCIÓN | |
| campo de control | 20250811062537.0 |
| 008 - DATOS DE LONGITUD FIJA--INFORMACIÓN GENERAL | |
| campo de control de longitud fija | 110607s1983 sp |||| | spa d |
| 020 ## - NÚMERO INTERNACIONAL ESTÁNDAR DEL LIBRO | |
| Número Internacional Estándar del Libro | 84-7483-316-7 |
| 080 ## - NÚMERO DE LA CLASIFICACIÓN DECIMAL UNIVERSAL | |
| Número de la Clasificación Decimal Universal | 821.134.2-2 |
| 245 00 - MENCIÓN DEL TÍTULO | |
| Título | Teatro español. |
| Número de parte o sección de la obra | I. |
| 260 ## - PUBLICACIÓN, DISTRIBUCIÓN, ETC. | |
| Lugar de publicación, distribución, etc. | Madrid : |
| Nombre del editor, distribuidor, etc. | Ministerio de Cultura, Subdirección General de Estudios y Coordinación, |
| Fecha de publicación, distribución, etc. | [1983] |
| 300 ## - DESCRIPCIÓN FÍSICA | |
| Extensión | 216 p. ; |
| Dimensiones | 21 cm. |
| 505 80 - NOTA DE CONTENIDO CON FORMATO | |
| Nota de contenido con formato | Contiene: La Celestina / Fernando de Rojas. Entremeses / Miguel de Cervantes. Fuenteovejuna / de Lope de Vega ; (versión libre de Juan Guerrero Zamora) |
| 650 #4 - PUNTO DE ACCESO ADICIONAL DE MATERIA--TÉRMINO DE MATERIA | |
| Término de materia o nombre geográfico como elemento de entrada | Teatro español- |
| Subdivisión cronológica | S.XVI-XVII. |
| 9 (RLIN) | 17350 |
| 700 1# - ENTRADA AGREGADA--NOMBRE PERSONAL | |
| Nombre de persona | Rojas, Fernando de, |
| Fechas asociadas al nombre | ca. 1470-1541. |
| Título de la obra | La Celestina |
| 9 (RLIN) | 99043 |
| 700 1# - ENTRADA AGREGADA--NOMBRE PERSONAL | |
| Nombre de persona | Vega, Lope de, |
| Fechas asociadas al nombre | 1562-1635 |
| 9 (RLIN) | 113563 |
| 700 1# - ENTRADA AGREGADA--NOMBRE PERSONAL | |
| Nombre de persona | Cervantes Saavedra, Miguel de, |
| Fechas asociadas al nombre | 1547-1616 |
| 9 (RLIN) | 226514 |
| 710 1# - ENTRADA AGREGADA--NOMBRE DE ENTIDAD CORPORATIVA | |
| Nombre de entidad corporativa o nombre de jurisdicción como elemento de entrada | España. |
| Unidad subordinada | Ministerio de Cultura |
| 9 (RLIN) | 3850 |
| 730 32 - ASIENTO SECUNDARIO--TITULO UNIFORME | |
| Título uniforme | La Celestina. |
| 9 (RLIN) | 135312 |
| 740 02 - ENTRADA AGREGADA--TÍTULO RELACIONADO/ANALÍTICO NO CONTROLADO | |
| Título relacionado o analítico no controlado | Entremeses. |
| 740 02 - ENTRADA AGREGADA--TÍTULO RELACIONADO/ANALÍTICO NO CONTROLADO | |
| Título relacionado o analítico no controlado | Fuenteovejuna. |
| 852 4# - LOCALIZACIÓN | |
| Ubicación | ES-MaACL |
| Número de control de estantería | E-15328 |
| Encuadernación | Olim P-247 |
| Estatus retirado | Estado de pérdida | Estado de daño | No para préstamo | Biblioteca de origen | Biblioteca actual | Ubicación en estantería | Fecha de adquisición | Fuente de adquisición | Total de préstamos | Signatura topográfica completa | Código de barras | Visto por última vez | Precio de reemplazo | Tipo de ítem Koha |
|---|---|---|---|---|---|---|---|---|---|---|---|---|---|---|
| Biblioteca del Ateneo de Madrid | Biblioteca del Ateneo de Madrid | Depósito 2 | 07/06/2011 | E-15328 | 1187560 | 23/02/2023 | 23/02/2023 | Libro impreso |
